| 000 | 00651ngm a2200169 a 4500 | ||
|---|---|---|---|
| 005 | 20210223124320.0 | ||
| 008 | 010828s1992 mx 008 aaspa d | ||
| 035 | _aUPN01000110577 | ||
| 049 | _aAV | ||
| 050 | 4 | _aPVI Q 01001 | |
| 245 | 0 | 1 | _a¿Cómo crecen las plantas?. |
| 260 |
_aMéxico : _bPelículas Ebesa [distribuidor], _cc1992. |
||
| 300 |
_a1 videocasete (VHS) (8 min.) : _bson., col. |
||
| 520 | _aLas plantas realmente se mueven y crecen, y este programa con la ayuda del agua, minerales, aire, luz y fotografía de tiempo, prueba este hecho a los jóvenes espectadores | ||
| 650 | 4 |
_aCRECIMIENTO (PLANTAS) _911407 |
|
| 905 | _aAudiovisuales | ||
| 999 |
_c84486 _d84486 |
||